|
|
|
|
| LEADER |
02007nam a2200361 a 4500 |
| 001 |
4654541 |
| 008 |
110125s2001 it ab b 001 0 eng d |
| 999 |
|
|
|c 10398
|d 10398
|
| 020 |
|
|
|a 8881189712
|
| 040 |
|
|
|a ZQP
|c ZQP
|d ORE
|d OCL
|d UKM
|d OHX
|d C3L
|d NIC
|d BD-DhAAL
|
| 082 |
0 |
4 |
|a 746.095
|2 21
|
| 245 |
0 |
0 |
|a Asian costumes and textiles from the Bosphorus to Fujiyama :
|b the Zaira and Marcel Mis collection /
|c introduction by Mary Hunt Kahlenberg ; contributions by Valérie Berinstain ... [et al.] ; photos by Mauro Magliani.
|
| 260 |
|
|
|a Milan :
|b Skira ;
|a New York :
|b Distributed in North America and Latin America by Rizzoli International Publications, Inc. through St. Martin’s Press,
|c 2001.
|
| 300 |
|
|
|a 291 p. :
|b col. ill., map ;
|c 32 cm.
|
| 504 |
|
|
|a Includes bibliographical references (p. 287-288) and index.
|
| 505 |
0 |
|
|a How a collection became a passion / Zaira Mis -- A homage to the skills of the past / Marcel Mis -- Looking in and out / Mary Hunt Kahlenberg -- Near and Middle East / Frieda Sorber -- Central Asia / Valérie Berinstain -- India / Valérie Berinstain -- South-East Asia / Mary Hunt Kahlenberg -- Far East / Claudine Delecourt.
|
| 526 |
|
|
|a ARC
|
| 541 |
1 |
|
|e 00021668
|
| 600 |
1 |
0 |
|a Mis, Zaira
|x Ethnological collections.
|9 32054
|
| 600 |
1 |
0 |
|a Mis, Zaira
|x Art collections.
|9 32055
|
| 600 |
1 |
0 |
|a Mis, Marcel
|x Ethnological collections.
|9 32056
|
| 600 |
1 |
0 |
|a Mis, Marcel
|x Art collections.
|9 32057
|
| 650 |
|
0 |
|a Costume
|z Asia.
|9 32058
|
| 650 |
|
0 |
|a Textile fabrics
|z Asia.
|9 32059
|
| 650 |
|
0 |
|a Textile crafts
|z Asia.
|9 32060
|
| 700 |
1 |
|
|a Kahlenberg, Mary Hunt.
|9 32061
|
| 700 |
1 |
|
|a Bérinstain, Valérie.
|9 32062
|
| 700 |
1 |
|
|a Magliani, Mauro.
|9 32063
|
| 700 |
1 |
|
|a Mis, Zaira.
|9 32064
|
| 700 |
1 |
|
|a Mis, Marcel.
|9 32065
|
| 852 |
|
|
|a Ayesha Abed Library
|c General Stacks
|
| 942 |
|
|
|2 ddc
|c BK
|
| 952 |
|
|
|0 0
|1 0
|2 ddc
|4 0
|6 746_095000000000000_ASI
|7 0
|9 14218
|a BRACUL
|b BRACUL
|c GEN
|d 2011-01-27
|e Zeenat Book Supply Ltd.
|g 6240.00
|l 0
|o 746.095 ASI
|p 3010021668
|r 2011-01-27
|t 1
|w 2011-01-27
|y BK
|